000
00321nam a2200133Ia 4500
008
240624s9999 xx 000 0 und d
041
_a
eng
082
_a
158.5 MIL
100
_a
MILLS HARRY A
245
_a
CLINCH THAT DEAL
260
_c
1991
_a
England
_b
Gower
300
_a
xii, : 205 : p. : cm. ; 23
365
_c
BPS
_b
30
999
_c
16292
_d
16292